[Event "Superettan(Vasteras-Wasa II)"]
[Site "?"]
[Date "2025.01.18"]
[Round "5"]
[White "Rånby, Hans"]
[Black "Bjorkman, Filip"]
[Result "0-1"]
[WhiteElo "1863"]
[BlackElo "2141"]
[PlyCount "162"]
[SourceVersionDate "2025.02.08"]

1. Nc3 d5 2. e4 d4 3. Nce2 e5 4. d3 c5 5. f4 Nc6 6. Nf3 Bd6 7. fxe5 Nxe5 8. Nxe5 Bxe5 9. Bf4 Qh4+ 10. g3 Qe7 11. Bg2 Bg4 12. O-O Nf6 13. Qd2 Nd7 14. Bxe5 Nxe5 15. Nf4 O-O 16. Nd5 Qd6 17. Rae1 Rae8 18. Qa5 b6 19. Qxa7 Ra8 20. Qe7 Qb8 21. a3 f6 22. Qc7 Qxc7 23. Nxc7 Ra7 24. Nd5 b5 25. h3 Bh5 26. Kh2 Bf7 27. g4 h6 28. Kg3 Be6 29. Nf4 Kf7 30. Nxe6 Kxe6 31. h4 g5 32. hxg5 hxg5 33. Rh1 b4 34. axb4 cxb4 35. b3 Rc8 36. Ref1 Rxc2 37. Rh6 Rf7 38. Ra1 Nxd3 39. Rh8 Ne5 40. Ra6+ Rc6 41. Raa8 Rc3+ 42. Kf2 Nxg4+ 43. Ke2 Ke5 44. Ra5+ Kf4 45. Rf5+ Kg3 46. Bf1 Ne5 47. Kd1 Ra7 48. Rh3+ Kg4 49. Rh1 Ra1+ 50. Kd2 Nf3+ 51. Rxf3 Kxf3 52. Be2+ Kxe4 53. Rxa1 Rxb3 54. Ra8 Rb2+ 55. Ke1 f5 56. Re8+ Kf4 57. Bd3 Ra2 58. Bc4 Rc2 59. Bd3 Rc3 60. Kd2 g4 61. Rf8 Rxd3+ 62. Kxd3 g3 63. Ke2 d3+ 64. Kf1 b3 65. Rb8 d2 66. Rb4+ Ke5 67. Rb5+ Kf6 68. Rb6+ Ke5 69. Ke2 g2 70. Kxd2 g1=Q 71. Rxb3 Qf2+ 72. Kc1 Qe1+ 73. Kc2 f4 74. Rb8 Qe4+ 75. Kd2 Qe3+ 76. Kd1 Kf5 77. Rf8+ Kg4 78. Rg8+ Kf3 79. Rg5 Kf2 80. Kc2 f3 81. Rh5 Ke2 0-1

[Event "Superettan(Lulea-RockadenII, Stockholm)"]
[Site "?"]
[Date "2025.01.18"]
[Round "5"]
[White "Svorono, Gabriel"]
[Black "Liden, Tommy"]
[Result "0-1"]
[WhiteElo "2149"]
[BlackElo "2107"]
[PlyCount "90"]
[SourceVersionDate "2025.02.08"]

1. d4 d5 2. c4 e6 3. Nf3 c6 4. g3 dxc4 5. Bg2 b5 6. O-O Bb7 7. a4 Nf6 8. Ne5 Qc8 9. b3 cxb3 10. Qxb3 a6 11. Bb2 Nbd7 12. Nd2 Nxe5 13. dxe5 Nd7 14. Rfc1 Nc5 15. Qc2 Nxa4 16. Rxa4 bxa4 17. Qxa4 Be7 18. Nc4 Qc7 19. h4 O-O 20. Na5 Rab8 21. h5 Ba8 22. Bc3 c5 23. h6 g6 24. Bxa8 Rxa8 25. f4 Rfc8 26. g4 Bf8 27. g5 Qb6 28. Nc4 Qb5 29. Qa2 Rcb8 30. Nd6 Qb3 31. Qd2 Qd5 32. Qe3 Rb3 33. Ne4 Be7 34. Nd2 Rb5 35. Ra1 a5 36. Ra4 Rb1+ 37. Kf2 Rh1 38. Kg3 Qc6 39. Rxa5 Rxa5 40. Bxa5 Qa4 41. Bb6 Bxg5 42. fxg5 Qh4+ 43. Kg2 Qh2+ 44. Kf3 Qh3+ 45. Ke4 Qf5# 0-1

[Event "Superettan(Helsingborg-Orgryte)"]
[Site "?"]
[Date "2025.01.18"]
[Round "5"]
[White "Green, Per"]
[Black "Nilsson Hask, Patrik"]
[Result "0-1"]
[WhiteElo "1981"]
[BlackElo "2143"]
[PlyCount "82"]
[SourceVersionDate "2025.02.09"]

1. c4 f5 2. Nf3 Nf6 3. g3 g6 4. Bg2 Bg7 5. O-O O-O 6. b4 Ne4 7. d4 c6 8. Bb2 d5 9. Qc2 Be6 10. c5 a5 11. a3 axb4 12. axb4 Rxa1 13. Bxa1 Na6 14. Qa4 Qa8 15. Nbd2 Nc7 16. Qb3 Qa6 17. e3 Ra8 18. Bb2 Qe2 19. Nb1 Nb5 20. Ne5 Bxe5 21. dxe5 Kf7 22. Bd4 Ra2 23. Bxe4 fxe4 24. Qd1 Nxd4 25. exd4 Qxd1 26. Rxd1 Rb2 27. Na3 Bg4 28. Rb1 Ra2 29. Rb3 Bf3 30. Nb1 Rc2 31. Rc3 Rb2 32. Rc1 Rxb4 33. Nd2 Rxd4 34. Nxf3 exf3 35. h3 Rc4 36. Rb1 d4 37. Rxb7 Rxc5 38. Rb4 d3 39. Rd4 Rd5 40. e6+ Kxe6 41. Re4+ Kd6 0-1

[Event "Superettan(Vasteras-Wasa II)"]
[Site "?"]
[Date "2025.01.18"]
[Round "5"]
[White "Nordebrink, Johan"]
[Black "Gunnare, William"]
[Result "1-0"]
[WhiteElo "2048"]
[BlackElo "1901"]
[PlyCount "43"]
[SourceVersionDate "2025.02.08"]

1. e4 c5 2. c3 Nf6 3. e5 Nd5 4. d4 cxd4 5. Nf3 Nc6 6. Bc4 Nb6 7. Bb3 dxc3 8. Nxc3 e6 9. O-O Be7 10. Bf4 g5 11. Bg3 h5 12. h3 Rg8 13. Qd3 Rg7 14. Qe3 Na5 15. Bc2 Nbc4 16. Qe2 Rb8 17. Ne4 Ra8 18. Nd4 h4 19. Bh2 a6 20. Qh5 Kf8 21. Qh6 d5 22. Nf6 1-0

[Event "Superettan(Lulea-RockadenII, Stockholm)"]
[Site "?"]
[Date "2025.01.18"]
[Round "5"]
[White "Marcussen, Arno"]
[Black "Bryntze, Stefan"]
[Result "1/2-1/2"]
[WhiteElo "2149"]
[BlackElo "2229"]
[PlyCount "45"]
[SourceVersionDate "2025.02.08"]

1. d4 d5 2. Nf3 Nf6 3. e3 e6 4. Bd3 Nbd7 5. Nbd2 b6 6. O-O Bb7 7. b3 Bd6 8. Bb2 Qe7 9. Ne5 h5 10. f4 O-O-O 11. a4 a5 12. Qe2 Nb8 13. c3 g5 14. Nxf7 Qxf7 15. fxg5 Bxh2+ 16. Kh1 Bd6 17. Rxf6 Qe7 18. e4 e5 19. exd5 Nd7 20. Bf5 exd4 21. Qxe7 Bxe7 22. Rf7 Rhf8 23. Be6 1/2-1/2

[Event "Superettan(Helsingborg-Orgryte)"]
[Site "?"]
[Date "2025.01.18"]
[Round "5"]
[White "Rothman, Peter"]
[Black "Kleimark, Anders"]
[Result "1/2-1/2"]
[WhiteElo "2106"]
[BlackElo "1961"]
[PlyCount "58"]
[SourceVersionDate "2025.02.09"]

1. d4 Nf6 2. Nf3 e6 3. c4 c6 4. e3 d5 5. Nc3 Nbd7 6. Bd3 Bd6 7. O-O O-O 8. e4 dxe4 9. Nxe4 Nxe4 10. Bxe4 h6 11. Be3 Qe7 12. Qc2 Nf6 13. Bd3 c5 14. dxc5 Bxc5 15. Rfe1 Bxe3 16. Rxe3 b6 17. Ne5 Bb7 18. Rd1 Rfd8 19. a3 Rac8 20. b4 Nd7 21. Nxd7 Rxd7 22. Bf1 Rxd1 23. Qxd1 Rd8 24. Rd3 Rxd3 25. Qxd3 e5 26. g3 Qc7 27. Bg2 Bxg2 28. Kxg2 Qc6+ 29. f3 Qc7 1/2-1/2

[Event "Superettan(Farsta-Schack 08)"]
[Site "?"]
[Date "2025.01.18"]
[Round "5"]
[White "Karlsson, Tomas"]
[Black "Livner, Anders"]
[Result "1-0"]
[WhiteElo "2242"]
[BlackElo "2291"]
[PlyCount "77"]
[SourceVersionDate "2025.02.08"]

1. e4 c6 2. d4 d5 3. e5 Bf5 4. Nf3 e6 5. Be2 a6 6. O-O Bg6 7. Nbd2 c5 8. c4 Nc6 9. dxc5 Bxc5 10. Nb3 Ba7 11. cxd5 exd5 12. Nfd4 Nge7 13. e6 O-O 14. exf7+ Bxf7 15. Be3 Ne5 16. Nd2 Nc4 17. Nxc4 dxc4 18. Rc1 b5 19. Nc2 Nd5 20. Bf3 Nxe3 21. Nxe3 Bxe3 22. fxe3 Rb8 23. a3 Qg5 24. Qd4 Rfd8 25. Qa7 Qe5 26. Rf2 Bg6 27. Re1 Qe6 28. h3 Qb6 29. Qe7 h6 30. Qe5 Qd6 31. Qc3 Qe7 32. Rd1 Rd3 33. Bd5+ Kh7 34. Rxd3 cxd3 35. Qd4 Re8 36. Rf3 Be4 37. Rf7 Qg5 38. Bxe4+ Kg8 39. Bd5 1-0

[Event "Superettan(Kristineberg-Skara)"]
[Site "?"]
[Date "2025.01.18"]
[Round "5"]
[White "Djurhuus, Rune"]
[Black "Lejlic, Samir"]
[Result "1-0"]
[WhiteElo "2375"]
[BlackElo "2313"]
[PlyCount "124"]
[SourceVersionDate "2025.02.09"]

1. Nf3 g6 2. d4 Nf6 3. c4 Bg7 4. Nc3 O-O 5. e4 d6 6. Be2 e5 7. O-O a5 8. Be3 Na6 9. Rb1 Qe8 10. dxe5 dxe5 11. Nd2 Nd7 12. Nb3 b6 13. c5 Ndxc5 14. Nxc5 Nxc5 15. Bxc5 bxc5 16. Qd5 Ba6 17. Bxa6 Rxa6 18. Qxc5 Qc6 19. Qe3 a4 20. Nd5 Qb7 21. Qc5 c6 22. Ne3 Rb6 23. Nc4 Rb5 24. Qa3 Rb4 25. Qd3 Qe7 26. Rfd1 Bh6 27. a3 Rb5 28. Qc2 Qa7 29. Rd3 Rc5 30. Rbd1 Qa6 31. Rc3 Rb8 32. g3 Rcb5 33. Rd7 Bf8 34. Qd3 Qc8 35. Qd1 Qe8 36. Rf3 Qe6 37. Rc3 Bc5 38. Rc2 Bd4 39. Rd6 Qc8 40. Qf3 Bc5 41. Qf6 Bxd6 42. Nxd6 Qg4 43. Qxf7+ Kh8 44. Ne8 Rxe8 45. Qxe8+ Kg7 46. Rxc6 Qe2 47. Rc7+ Kh6 48. Qf8+ Kg5 49. h4+ Kg4 50. Qc8+ Kf3 51. Rc3+ Kxe4 52. Re3+ Qxe3 53. fxe3 Rxb2 54. Qc6+ Kd3 55. Qxa4 Kxe3 56. Qc4 Rb1+ 57. Kg2 Rb2+ 58. Kh3 Re2 59. a4 e4 60. a5 Re1 61. a6 Kf2 62. a7 h5 1-0

[Event "Superettan(Farsta-Schack 08)"]
[Site "?"]
[Date "2025.01.18"]
[Round "5"]
[White "Hjelm, Niclas"]
[Black "Nyander, Joakim"]
[Result "1-0"]
[WhiteElo "2261"]
[BlackElo "2175"]
[PlyCount "41"]
[SourceVersionDate "2025.02.08"]

1. e4 d6 2. d4 Nf6 3. Nc3 e5 4. Nf3 Nbd7 5. Bc4 Be7 6. O-O O-O 7. Re1 a6 8. a4 b6 9. Bg5 Bb7 10. Qe2 c6 11. Rad1 Qc7 12. Nh4 Rfe8 13. dxe5 dxe5 14. Nf5 b5 15. Ba2 Bf8 16. Qf3 b4 17. Nh6+ gxh6 18. Rxd7 Qxd7 19. Bxf6 h5 20. Qxh5 h6 21. Qg6+ 1-0

[Event "Superettan(Kristineberg-Skara)"]
[Site "?"]
[Date "2025.01.18"]
[Round "5"]
[White "Tairi, Faruk"]
[Black "Ronneland, Daniel"]
[Result "1/2-1/2"]
[WhiteElo "2402"]
[BlackElo "2220"]
[PlyCount "54"]
[SourceVersionDate "2025.02.09"]

1. e4 e5 2. d4 exd4 3. Bc4 Nc6 4. Nf3 Nf6 5. e5 d5 6. Bb5 Ne4 7. Nxd4 Bd7 8. Bxc6 bxc6 9. O-O Bc5 10. f3 Ng5 11. Be3 Qe7 12. f4 Ne4 13. Nd2 Nd6 14. Re1 Nf5 15. Nxf5 Bxf5 16. Nb3 Bb6 17. Qd2 O-O 18. Qc3 Qd7 19. a4 Be4 20. h3 Qf5 21. a5 Bxe3+ 22. Qxe3 Qg6 23. Re2 Bxc2 24. Nd4 Bb1 25. Nxc6 Qxc6 26. Rxb1 Qb5 27. b4 c5 1/2-1/2

[Event "Superettan(Farsta-Schack 08)"]
[Site "?"]
[Date "2025.01.18"]
[Round "5"]
[White "Faldt, Magnus"]
[Black "Sammalvuo, Tapani"]
[Result "0-1"]
[WhiteElo "2140"]
[BlackElo "2379"]
[PlyCount "82"]
[SourceVersionDate "2025.02.08"]

1. d4 Nf6 2. c4 e6 3. Nc3 Bb4 4. Qc2 d5 5. cxd5 Qxd5 6. Nf3 Qf5 7. Qxf5 exf5 8. Bd2 c6 9. e3 Nbd7 10. Bd3 Nb6 11. O-O O-O 12. Rfd1 Be6 13. Ng5 Bd7 14. Ne2 Bd6 15. Rac1 Rfe8 16. Ba5 Nbd5 17. Bd2 h6 18. Nf3 Ne4 19. Nc3 Nxd2 20. Nxd2 Nf6 21. h3 Rad8 22. Nb3 Bc8 23. Bf1 f4 24. Re1 fxe3 25. Rxe3 Be6 26. Rd3 Re7 27. Nc5 Bf5 28. Rf3 Bg6 29. g4 h5 30. g5 Nh7 31. h4 Bxc5 32. dxc5 Rd4 33. Rh3 Bf5 34. Rf3 Bd7 35. Re3 Rxe3 36. fxe3 Rxh4 37. Rd1 Nf8 38. Kf2 Rh2+ 39. Kg3 Rxb2 40. g6 h4+ 41. Kf3 Nxg6 0-1

[Event "Superettan(Kristineberg-Skara)"]
[Site "?"]
[Date "2025.01.18"]
[Round "5"]
[White "Jacobson, Erik"]
[Black "Hald Falkesgaard, Jeppe"]
[Result "0-1"]
[WhiteElo "2129"]
[BlackElo "2261"]
[PlyCount "86"]
[SourceVersionDate "2025.02.09"]

1. e4 c5 2. Nf3 Nc6 3. Nc3 e5 4. Bc4 d6 5. d3 Be7 6. Nd2 Nf6 7. Nf1 a6 8. a4 Rb8 9. Ne3 Nd4 10. O-O b5 11. axb5 axb5 12. Bd5 O-O 13. Ra7 Be6 14. Nb1 Nxd5 15. Nxd5 Bxd5 16. exd5 b4 17. Nd2 Nb5 18. Ra1 Ra8 19. Rb1 f5 20. Nc4 Qc7 21. f4 Rad8 22. g3 Bf6 23. Kh1 g6 24. Bd2 Rfe8 25. c3 Qf7 26. Qf3 e4 27. dxe4 fxe4 28. Qe2 Qxd5 29. Ne3 Qb7 30. f5 Rf8 31. fxg6 hxg6 32. c4 Nd4 33. Qg4 Kg7 34. Nd5 Nf3 35. Be3 Rde8 36. Nf4 Qf7 37. Nd5 Bd4 38. Bxd4+ cxd4 39. Nf4 Qf5 40. Qxf5 Rxf5 41. Ra1 Nd2 42. Rfd1 e3 43. Ng2 e2 0-1

[Event "Superettan(Farsta-Schack 08)"]
[Site "?"]
[Date "2025.01.18"]
[Round "5"]
[White "Ong, Kezli"]
[Black "Sternlund, Hakan"]
[Result "1-0"]
[WhiteElo "2261"]
[BlackElo "2125"]
[PlyCount "87"]
[SourceVersionDate "2025.02.08"]

1. e4 c5 2. Nf3 d6 3. Bb5+ Bd7 4. Bxd7+ Qxd7 5. c4 g6 6. Nc3 Bg7 7. d4 cxd4 8. Nxd4 Nc6 9. Be3 Nf6 10. f3 O-O 11. O-O Rfd8 12. Rc1 Ne8 13. b3 Nc7 14. h4 Nxd4 15. Bxd4 Bxd4+ 16. Qxd4 Ne6 17. Qe3 Qc6 18. Nd5 Rd7 19. b4 Nc7 20. Kh2 Nxd5 21. exd5 Qb6 22. Qc3 Qd8 23. Rfe1 Qf8 24. Re4 Qg7 25. Qe3 Kf8 26. Re1 Qf6 27. Qh6+ Kg8 28. h5 g5 29. Qxf6 exf6 30. Re7 Rad8 31. Rxd7 Rxd7 32. h6 Kf8 33. g4 Rc7 34. c5 dxc5 35. d6 Rd7 36. bxc5 b6 37. Rb1 f5 38. cxb6 axb6 39. Rxb6 f6 40. gxf5 Ra7 41. Rb8+ Kf7 42. Rh8 Rxa2+ 43. Kg3 Rd2 44. d7 1-0

[Event "Superettan(Kristineberg-Skara)"]
[Site "?"]
[Date "2025.01.18"]
[Round "5"]
[White "Jacobsen, Mikkel Manosri"]
[Black "Danielsson, Fredrik"]
[Result "1-0"]
[WhiteElo "2345"]
[BlackElo "2103"]
[PlyCount "89"]
[EventDate "2025.??.??"]
[SourceVersionDate "2025.02.09"]

1. c4 Nf6 2. g3 g6 3. Bg2 d5 4. cxd5 Nxd5 5. Qb3 Nb6 6. Qc3 f6 7. d4 Bg7 8. e4 O-O 9. Ne2 f5 10. Qb3+ Kh8 11. e5 c5 12. dxc5 N6d7 13. O-O Nxc5 14. Qc2 Ne4 15. Rd1 Qa5 16. f4 Nc6 17. Be3 Be6 18. Nbc3 Nb4 19. Qb1 Nd5 20. Bd4 Nexc3 21. Nxc3 Rfd8 22. Qd3 Rd7 23. Nxd5 Bxd5 24. Bc3 Qb6+ 25. Qd4 Qxd4+ 26. Rxd4 Rad8 27. Rad1 e6 28. Bxd5 Rxd5 29. Rxd5 exd5 30. Bd4 Kg8 31. Rc1 Rd7 32. Bxa7 Bf8 33. Kf2 Kf7 34. Ke3 Ke6 35. Rc8 Be7 36. Bc5 Bd8 37. a4 h5 38. h4 Kf7 39. Kd4 b6 40. Bd6 Ke6 41. b3 b5 42. axb5 Bb6+ 43. Bc5 Bxc5+ 44. Rxc5 g5 45. Rc6+ 1-0

[Event "Superettan(Farsta-Schack 08)"]
[Site "?"]
[Date "2025.01.18"]
[Round "5"]
[White "Ottenklev, Niclas"]
[Black "Namini, Armin"]
[Result "1/2-1/2"]
[WhiteElo "2112"]
[BlackElo "2178"]
[PlyCount "40"]
[SourceVersionDate "2025.02.08"]

1. e4 c5 2. Nf3 d6 3. d4 Nf6 4. Nc3 cxd4 5. Bb5+ Bd7 6. Bxd7+ Qxd7 7. Nxd4 g6 8. O-O Bg7 9. f3 O-O 10. Be3 Nc6 11. Nxc6 bxc6 12. Qd2 Rab8 13. b3 Qc7 14. Rac1 Rfd8 15. Qf2 Ra8 16. Ne2 Qa5 17. a4 Rdc8 18. Rfd1 Nd7 19. Bd4 Ne5 20. h3 Nd7 1/2-1/2

[Event "Superettan(Kristineberg-Skara)"]
[Site "?"]
[Date "2025.01.18"]
[Round "5"]
[White "Eklund, Lars-Goran"]
[Black "Engstrom, Kaj"]
[Result "1-0"]
[WhiteElo "2198"]
[BlackElo "2171"]
[PlyCount "107"]
[SourceVersionDate "2025.02.09"]

1. Nf3 d5 2. d4 e6 3. c4 Nf6 4. Nc3 Nbd7 5. g3 Bb4 6. Bg2 Ne4 7. Qb3 Qe7 8. O-O dxc4 9. Qxc4 Nb6 10. Qd3 Nd6 11. a3 Bxc3 12. Qxc3 O-O 13. b3 Bd7 14. Bb2 f6 15. Nd2 Bb5 16. Rfe1 Nd5 17. Qc2 a5 18. e4 Nb6 19. a4 Ba6 20. Qc5 Qf7 21. Rac1 Rfc8 22. Bh1 Qg6 23. Qxa5 f5 24. exf5 exf5 25. Qe5 Re8 26. Qf4 c6 27. Ba3 Nf7 28. Nf3 Nd5 29. Qd2 Qh5 30. Rxe8+ Rxe8 31. Re1 Rd8 32. Ne5 Nf6 33. Nxf7 Qxf7 34. Qc2 Re8 35. Rxe8+ Qxe8 36. h3 Qe1+ 37. Kh2 g6 38. d5 Ne4 39. dxc6 bxc6 40. Bxe4 Qxe4 41. Qc5 Qe8 42. Bb2 Qe2 43. Qd4 Kf7 44. Qf6+ Ke8 45. Qxc6+ Ke7 46. Ba3+ Kd8 47. Qd6+ Kc8 48. Bc5 Qd3 49. Qc6+ Kb8 50. Bd6+ Ka7 51. Qd7+ Ka8 52. Qd8+ Kb7 53. Qc7+ Ka8 54. Qb8# 1-0

[Event "Superettan(Farsta-Schack 08)"]
[Site "?"]
[Date "2025.01.18"]
[Round "5"]
[White "Lundin, Jan"]
[Black "Wiklund, Johan"]
[Result "1-0"]
[WhiteElo "2183"]
[BlackElo "1941"]
[PlyCount "69"]
[SourceVersionDate "2025.02.08"]

1. e4 e6 2. d4 d5 3. e5 c5 4. c3 Nc6 5. Nf3 Bd7 6. Bd3 cxd4 7. O-O Nge7 8. Re1 Rc8 9. h4 h6 10. Na3 a6 11. cxd4 Nb4 12. Bb1 Nec6 13. Bd2 Be7 14. h5 Qb6 15. Bc3 Na5 16. Nd2 Qc7 17. Re3 Nbc6 18. Nc2 b5 19. b4 Nc4 20. Nxc4 bxc4 21. Rg3 Bf8 22. a3 Rb8 23. Qd2 Ne7 24. Ne3 Ba4 25. Ba2 Rg8 26. Rf1 Bd7 27. Bb1 Qc6 28. Re1 Nf5 29. Nxf5 exf5 30. e6 Bxe6 31. Bxf5 Kd7 32. Bxe6+ fxe6 33. Qf4 Re8 34. Qf7+ Be7 35. Rxg7 1-0

[Event "Superettan(Kristineberg-Skara)"]
[Site "?"]
[Date "2025.01.18"]
[Round "5"]
[White "Grujic, Matej"]
[Black "Olsson, Simon"]
[Result "1/2-1/2"]
[WhiteElo "2215"]
[BlackElo "2075"]
[PlyCount "67"]
[SourceVersionDate "2025.02.09"]

1. d4 Nf6 2. Bf4 d5 3. Nf3 c5 4. e3 Nc6 5. c3 e6 6. Nbd2 Be7 7. Bd3 O-O 8. Ne5 Nxe5 9. dxe5 Nd7 10. Qh5 g6 11. Qg4 f5 12. Qg3 Bh4 13. Qh3 g5 14. Bg3 Bxg3 15. hxg3 Qe7 16. f4 g4 17. Qh6 Rf7 18. c4 Nf8 19. b3 Bd7 20. Kf2 Rd8 21. Rad1 Bc8 22. Nb1 a6 23. Be2 d4 24. Na3 dxe3+ 25. Kxe3 b6 26. Nc2 Bb7 27. Kf2 Ng6 28. Ne3 Qf8 29. Qg5 Rfd7 30. a4 Rxd1 31. Rxd1 Rxd1 32. Bxd1 Qe7 33. Qh6 Qd8 34. Be2 1/2-1/2

[Event "Superettan(Kristineberg-Helsingborg)"]
[Site "?"]
[Date "2025.01.17"]
[Round "4"]
[White "Grujic, Matej"]
[Black "Nilsson Hask, Patrik"]
[Result "0-1"]
[WhiteElo "2215"]
[BlackElo "2143"]
[PlyCount "70"]
[EventDate "2025.??.??"]
[SourceVersionDate "2025.02.01"]

1. d4 f5 2. Bg5 h6 3. Bh4 g5 4. Bg3 Nf6 5. e3 d6 6. Nc3 e6 7. h4 Rg8 8. hxg5 hxg5 9. Be2 Qe7 10. Bh5+ Kd8 11. Be2 Bd7 12. Nf3 Bc6 13. Qd2 Nbd7 14. O-O-O Nb6 15. Kb1 Kd7 16. Bb5 Bxb5 17. Nxb5 Ne4 18. Qa5 c6 19. Nc3 Nxc3+ 20. Qxc3 Bg7 21. Qb3 Rad8 22. c4 Kc8 23. Bxd6 Rxd6 24. c5 Rd5 25. cxb6 axb6 26. Qxb6 Rb5 27. Qa7 Qb4 28. Rd2 Ra5 29. a3 Qxd2 30. Qb6 Qd3+ 31. Ka1 Rb5 32. Qa7 Qb3 33. Rb1 Kc7 34. Nxg5 Rh8 35. Nh3 e5 0-1

[Event "Superettan(Rockaden II, Sthlm-Farsta)"]
[Site "?"]
[Date "2025.01.17"]
[Round "4"]
[White "Lyu, Tianmin"]
[Black "Svorono, Gabriel"]
[Result "1-0"]
[WhiteElo "2036"]
[BlackElo "2149"]
[PlyCount "29"]
[SourceVersionDate "2025.02.02"]

1. d4 Nf6 2. Bf4 d5 3. Nf3 Bf5 4. e3 e6 5. Bd3 Bg6 6. c4 c5 7. Nc3 dxc4 8. Bxc4 Nc6 9. Qb3 a6 10. Rd1 Qc8 11. d5 exd5 12. Nxd5 Nxd5 13. Bxd5 Be7 14. Ne5 Nb4 15. Bxf7+ 1-0

[Event "Superettan(Schack 08-Vasteras)"]
[Site "?"]
[Date "2025.01.17"]
[Round "4"]
[White "Nordebrink, Johan"]
[Black "Bjorkeroth, Johan"]
[Result "1-0"]
[WhiteElo "2048"]
[BlackElo "2095"]
[PlyCount "97"]
[SourceVersionDate "2025.02.07"]

1. e4 c6 2. d3 d5 3. Nd2 e5 4. Ngf3 Bd6 5. g3 Nf6 6. Bg2 O-O 7. O-O b5 8. Re1 Re8 9. h3 Nbd7 10. Nh4 Nb6 11. Nf1 d4 12. Nh2 Bd7 13. Qf3 Rc8 14. Nf5 Bxf5 15. Qxf5 Qd7 16. Qf3 c5 17. g4 Qe7 18. g5 Nfd7 19. h4 c4 20. Bf1 Nc5 21. Ng4 Ne6 22. Kh2 Nd7 23. a4 h5 24. gxh6 Qxh4+ 25. Qh3 Qxh3+ 26. Kxh3 a6 27. Be2 cxd3 28. cxd3 Nec5 29. axb5 Nb3 30. Rb1 axb5 31. Bg5 Be7 32. Bxe7 Rxe7 33. hxg7 Kxg7 34. Rg1 Rh8+ 35. Kg3 Re6 36. f4 exf4+ 37. Kxf4 Kf8 38. Rh1 Rg8 39. Rh5 Nf6 40. Rxb5 Nd2 41. Rb8+ Kg7 42. Rxg8+ Kxg8 43. Nh6+ Kf8 44. Ra1 Nfxe4 45. Ra8+ Kg7 46. Nf5+ Kf6 47. Nxd4 Rd6 48. Nf5 Re6 49. Rh8 1-0

[Event "Superettan(Kristineberg-HelsingborgASK)"]
[Site "?"]
[Date "2025.01.17"]
[Round "4"]
[White "Olsson, Fredric"]
[Black "Rasmussen, Rogvi Winthereig"]
[Result "0-1"]
[WhiteElo "1981"]
[BlackElo "2153"]
[PlyCount "60"]
[SourceVersionDate "2025.02.01"]

1. e4 c5 2. Nf3 d6 3. Bb5+ Nd7 4. O-O Ngf6 5. Re1 g6 6. d4 cxd4 7. Qxd4 Bg7 8. e5 dxe5 9. Qxe5 e6 10. Qd6 a6 11. Ng5 Qe7 12. Qxe7+ Kxe7 13. Bf1 Nd5 14. c3 Ne5 15. Nd2 Bd7 16. Nc4 Nc6 17. Ne3 Nb6 18. Nc4 Nxc4 19. Bxc4 Ne5 20. Be2 Bc6 21. Be3 h6 22. Bc5+ Ke8 23. Nh3 Nd7 24. Bd6 Bf8 25. Rad1 Bxd6 26. Rxd6 Ke7 27. Red1 Rhd8 28. f3 Bd5 29. R1xd5 exd5 30. Rxd5 Nb6 0-1

[Event "Superettan(Rockaden II, Sthlm-Farsta)"]
[Site "?"]
[Date "2025.01.17"]
[Round "4"]
[White "Eriksson, Dan"]
[Black "Wisdahl, Peter"]
[Result "1/2-1/2"]
[WhiteElo "2202"]
[BlackElo "1996"]
[PlyCount "100"]
[SourceVersionDate "2025.02.02"]

1. e4 c5 2. c3 d5 3. exd5 Qxd5 4. d4 Nf6 5. Nf3 Bg4 6. Nbd2 e6 7. Bc4 Qd7 8. Qb3 a6 9. Ne5 Qc7 10. Nxg4 Nxg4 11. Ne4 cxd4 12. Bxe6 Qe7 13. Nd6+ Qxd6 14. Bxg4 b5 15. cxd4 Qb4+ 16. Qc3 Bd6 17. O-O O-O 18. Qf3 Ra7 19. a3 Qxd4 20. g3 Rc7 21. Rd1 Qb6 22. b4 Be5 23. Ra2 Qf6 24. Qxf6 Bxf6 25. Bf4 Rc4 26. Be2 Rc6 27. h4 g6 28. a4 bxa4 29. Rxa4 Rc2 30. Bf3 Rb2 31. h5 g5 32. Be3 h6 33. Bd4 Bxd4 34. Rxd4 Rc8 35. Be4 Rc1+ 36. Kg2 Nc6 37. Rd6 Nxb4 38. Rb6 Nd3 39. Rxb2 Nxb2 40. Rxa6 Kg7 41. Ra7 Nc4 42. Bd5 Ne5 43. f4 Rd1 44. fxe5 Rxd5 45. e6 Rf5 46. Rxf7+ Rxf7 47. exf7 Kxf7 48. Kf3 Ke6 49. Ke4 Kf6 50. g4 Ke6 1/2-1/2

[Event "Superettan(Schack 08-Vasteras)"]
[Site "?"]
[Date "2025.01.17"]
[Round "4"]
[White "Lofgren, Vide"]
[Black "Orell, Martin"]
[Result "1-0"]
[WhiteElo "1928"]
[BlackElo "1921"]
[PlyCount "137"]
[SourceVersionDate "2025.02.07"]

1. Nf3 g6 2. g3 Bg7 3. Bg2 c5 4. O-O Nc6 5. d3 d5 6. Nbd2 Nf6 7. e4 O-O 8. c3 Qc7 9. exd5 Nxd5 10. Nb3 b6 11. a4 Bb7 12. Re1 Rad8 13. Qc2 Rd7 14. a5 Rfd8 15. axb6 axb6 16. Nbd2 Nf6 17. Nc4 Nd5 18. Bh3 e6 19. Bg5 Re8 20. Na3 h6 21. Nb5 Qb8 22. Bd2 Red8 23. Rad1 Kh7 24. Bc1 Qa8 25. Nd2 Na5 26. Nc4 Nxc4 27. dxc4 Nf6 28. Rxd7 Rxd7 29. Bf4 Be4 30. Qc1 Qc6 31. Be5 Bd3 32. Bxf6 Bxf6 33. Bg2 Qc8 34. Qf4 Bg5 35. Qe5 Qd8 36. b3 Bc2 37. b4 Rd1 38. bxc5 bxc5 39. Qe2 Rd2 40. Qe5 Rd1 41. Bf3 Rxe1+ 42. Qxe1 Qd3 43. Kg2 Bf6 44. Be2 Qe4+ 45. f3 Qe3 46. Qf2 Qd2 47. Bf1 Qxf2+ 48. Kxf2 Kg7 49. Ke3 Kf8 50. Bd3 Bg5+ 51. f4 Bxd3 52. fxg5 Bxc4 53. Nd6 Ba2 54. gxh6 Bb1 55. h7 Kg7 56. h8=Q+ Kxh8 57. Nxf7+ Kg7 58. Ne5 g5 59. Nd7 c4 60. Ne5 Ba2 61. Kd4 Kf6 62. Nxc4 g4 63. Ne5 Kf5 64. c4 Bb3 65. c5 Bd5 66. c6 Bh1 67. c7 Bb7 68. Nc4 Ba6 69. c8=Q 1-0

[Event "Superettan(Kristineberg-Helsingborg)"]
[Site "?"]
[Date "2025.01.17"]
[Round "4"]
[White "Abedinov, Adnan"]
[Black "Rothman, Peter"]
[Result "1/2-1/2"]
[WhiteElo "2158"]
[BlackElo "2106"]
[PlyCount "115"]
[EventDate "2025.??.??"]
[SourceVersionDate "2025.02.01"]

1. c4 e5 2. Nc3 Nf6 3. g3 Be7 4. Bg2 O-O 5. d3 d6 6. Nf3 Nbd7 7. O-O c6 8. b4 Qc7 9. Rb1 Re8 10. Qb3 Nf8 11. a4 Ne6 12. e3 b6 13. d4 Bb7 14. d5 cxd5 15. cxd5 Nf8 16. Nb5 Qd7 17. Ng5 Qg4 18. e4 h6 19. f3 Qh5 20. Nh3 a6 21. Na3 Bc8 22. Nf2 Bd7 23. Be3 b5 24. axb5 axb5 25. Qd3 Reb8 26. Rfc1 Ne8 27. Nc2 f5 28. Ra1 Nf6 29. Rxa8 Rxa8 30. Na3 fxe4 31. fxe4 Ra4 32. Bd2 Bd8 33. Bf3 Qe8 34. Kg2 Bb6 35. Nd1 Qa8 36. Nc2 Ra2 37. Nc3 Rb2 38. Nd1 Ra2 39. Qc3 Qa7 40. Be3 Ng6 41. Bxb6 Qxb6 42. Ra1 Ra4 43. Nb2 Rxa1 44. Nxa1 Ne7 45. Nb3 g5 46. Nd2 Kf7 47. Nd1 Ke8 48. Qe3 Qxe3 49. Nxe3 Kd8 50. Nd1 Kc7 51. Nc3 Kb6 52. Be2 Ne8 53. Ndb1 Nc7 54. Na3 Ng8 55. Nc2 Nf6 56. Ne3 Na6 57. Nc2 Be8 58. Na3 1/2-1/2

[Event "Superettan(Wasa II-Lulea)"]
[Site "?"]
[Date "2025.01.17"]
[Round "4"]
[White "Ivanisevic, Ivan"]
[Black "Mustaps, Matiss"]
[Result "1-0"]
[WhiteElo "2540"]
[BlackElo "2360"]
[PlyCount "81"]
[SourceVersionDate "2025.02.02"]

1. d4 Nf6 2. Bg5 e6 3. Nd2 c5 4. e3 Nc6 5. c3 d5 6. Bd3 e5 7. dxe5 Nxe5 8. Bc2 Be7 9. Ne2 O-O 10. O-O Qb6 11. Rb1 a5 12. h3 Rd8 13. Ng3 h6 14. Bxf6 Qxf6 15. f4 Nc6 16. Qf3 d4 17. Nde4 Qh4 18. Rbd1 Bf8 19. f5 dxc3 20. bxc3 Rxd1 21. Qxd1 Qd8 22. Qxd8 Nxd8 23. Rd1 Nc6 24. Ba4 Ra6 25. Bb5 Rb6 26. a4 Be7 27. Nd6 Bxd6 28. Rxd6 Kf8 29. Rd5 Ke7 30. Ne4 Na7 31. Rxc5 Nxb5 32. axb5 Bd7 33. c4 a4 34. Re5+ Be6 35. fxe6 fxe6 36. Rc5 a3 37. Rc7+ Ke8 38. Rc8+ Ke7 39. Ra8 Ra6 40. bxa6 b5 41. a7 1-0